| Поле | Название | Значение |
| |
Тип записи |
a |
| |
Библиографический уровень |
m |
| 001 |
Контрольный номер |
RU/URAIT/564273 |
| 005 |
Дата корректировки |
20260429163645.2 |
| 008 |
Кодируемые данные |
260429s2025 RU y f j 000 0 rus u |
| 020 |
Индекс ISBN |
__ |
| a |
ISBN |
978-5-534-05593-1 |
| c |
Цена, тираж |
2019.00 |
| 040 |
Источник каталогиз. |
__ |
| a |
Служба первич. каталог. |
ИКО Юрайт |
| c |
Служба, преобразующая запись |
ИКО Юрайт |
| e |
Правила каталог. |
RCR |
| 041 |
Код языка издания |
__ |
| a |
Код языка текста |
rus |
| 044 |
Код страны публикации |
__ |
| a |
Код страны публикации |
RU |
| 080 |
Индекс УДК |
__ |
| a |
Индекс УДК |
398 |
| 084 |
Индекс другой классификации/Индекс ББК |
__ |
| 2 |
Источник индекса |
rubbk |
| a |
Индекс другой классификации/Индекс ББК |
82 |
| 100 |
Автор |
__ |
| a |
Автор |
Афанасьев А. Н. |
| q |
Полное имя |
Афанасьев Александр Николаевич |
| 245 |
Заглавие |
__ |
| a |
Заглавие |
Поэтические воззрения славян на природу в 3 т. Т. 2 |
| b |
Продолж. заглавия |
- (отсутствует) |
| c |
Ответственность |
А. Н. Афанасьев. |
| 256 |
Характеристики компьютерного файла |
__ |
| a |
Характеристики компьютерного файла |
Электрон. дан. |
| 260 |
Выходные данные |
__ |
| a |
Место издания |
Москва |
| b |
Издательство |
Юрайт |
| c |
Дата издания |
2025 |
| 300 |
Физическое описание |
__ |
| a |
Объем |
494 с |
| 440 |
Серия |
__ |
| a |
Серия |
Антология мысли |
| 500 |
Примечания |
__ |
| a |
Примечание |
URL: https://urait.ru/bcode/564273 (дата обращения: 29.04.2026). |
| 520 |
Аннотация |
__ |
| a |
Аннотация |
Основополагающий труд, посвященный славянскому фольклору в его историко-филологическом анализе и связях с верованиями и языками других индоевропейских народов. Автор шаг за шагом раскрывает перед читателем психологию славян, их верования, обычаи, ритуалы и их подчас тщательно скрытый смысл, образы сверхъестественных существ и богов, суеверия и менталитет. Настолько обширной, и в то же время конкретной и точной работы не было проделано ни до, ни после «Воззрений», что делает книгу уникальным и ценнейшим источником сведений о мировоззрении славянских народов. Для студентов-филологов, культурологов, лингвистов и всех интересующихся славянской культурой. |
| 538 |
Прим. о системных особенностях |
__ |
| a |
Прим. о системных особенностях |
Режим доступа: Электронно-библиотечная система Юрайт, для авториз. пользователей |
| 653 |
Ключевые слова |
__ |
| a |
Ключевые слова |
Культура. Культурология |
| 653 |
Ключевые слова |
__ |
| a |
Ключевые слова |
Гуманитарные науки |
| 653 |
Ключевые слова |
__ |
| a |
Ключевые слова |
История Отечества |
| 653 |
Ключевые слова |
__ |
| a |
Ключевые слова |
История России |
| 653 |
Ключевые слова |
__ |
| a |
Ключевые слова |
Культурная антропология |
| 653 |
Ключевые слова |
__ |
| a |
Ключевые слова |
Отечественная история |
| 653 |
Ключевые слова |
__ |
| a |
Ключевые слова |
Введение в культурную антропологию |
| 653 |
Ключевые слова |
__ |
| a |
Ключевые слова |
Мифология |
| 653 |
Ключевые слова |
__ |
| a |
Ключевые слова |
Введение в славянскую филологию |
| 653 |
Ключевые слова |
__ |
| a |
Ключевые слова |
Мифология и фольклор |
| 653 |
Ключевые слова |
__ |
| a |
Ключевые слова |
Мифология и этнография |
| 653 |
Ключевые слова |
__ |
| a |
Ключевые слова |
Фольклор |
| 653 |
Ключевые слова |
__ |
| a |
Ключевые слова |
История славянских народов |
| 653 |
Ключевые слова |
__ |
| a |
Ключевые слова |
Славянская мифология |
| 653 |
Ключевые слова |
__ |
| a |
Ключевые слова |
Введение в отечественную историю |
| 653 |
Ключевые слова |
__ |
| a |
Ключевые слова |
Религия и культура славянских народов |
| 653 |
Ключевые слова |
__ |
| a |
Ключевые слова |
История: история России |
| 653 |
Ключевые слова |
__ |
| a |
Ключевые слова |
История (История становления Российской государственности) |
| 653 |
Ключевые слова |
__ |
| a |
Ключевые слова |
Славянский фольклор |
| 653 |
Ключевые слова |
__ |
| a |
Ключевые слова |
Современный фольклор |
| 653 |
Ключевые слова |
__ |
| a |
Ключевые слова |
История и культура славян |
| 653 |
Ключевые слова |
__ |
| a |
Ключевые слова |
Фольклор и этнография славянских народов |
| 856 |
Электронный адрес документа |
40 |
| n |
Местонахождение сервера |
Юрайт |
| g |
|
Электронная книга |
| q |
Тип электронного формата |
html |
| h |
Имя пользователя |
ЮРАЙТ |
| v |
Часы доступа к ресурсу |
20271231 |
| 2 |
Способ доступа |
Показать документ |
| x |
Служебное примечание |
https://urait.ru/book/cover/8E74B9D7-F484-459A-81E4-662D81C41E39 |
| u |
URL |
https://urait.ru/bcode/564273 |
| 856 |
Электронный адрес документа |
48 |
| q |
Тип электронного формата |
cover |
| u |
URL |
https://urait.ru/book/cover/8E74B9D7-F484-459A-81E4-662D81C41E39 |
| 911 |
|
__ |
| u |
|
0030=https://urait.ru/bcode/564273 |
| 911 |
|
__ |
| u |
|
073a=9785534055931 |
| u |
|
073d=2019.00 |
| 911 |
|
__ |
| u |
|
106a=s |
| 911 |
|
__ |
| u |
|
900l= |
| 952 |
Тип литературы |
__ |
| i |
Дисциплина |
История Отечества |
| 952 |
Тип литературы |
__ |
| i |
Дисциплина |
История России |
| 952 |
Тип литературы |
__ |
| i |
Дисциплина |
Культурная антропология |
| 952 |
Тип литературы |
__ |
| i |
Дисциплина |
Отечественная история |
| 952 |
Тип литературы |
__ |
| i |
Дисциплина |
Введение в культурную антропологию |
| 952 |
Тип литературы |
__ |
| i |
Дисциплина |
Мифология |
| 952 |
Тип литературы |
__ |
| i |
Дисциплина |
Введение в славянскую филологию |
| 952 |
Тип литературы |
__ |
| i |
Дисциплина |
Мифология и фольклор |
| 952 |
Тип литературы |
__ |
| i |
Дисциплина |
Мифология и этнография |
| 952 |
Тип литературы |
__ |
| i |
Дисциплина |
Фольклор |
| 952 |
Тип литературы |
__ |
| i |
Дисциплина |
История славянских народов |
| 952 |
Тип литературы |
__ |
| i |
Дисциплина |
Славянская мифология |
| 952 |
Тип литературы |
__ |
| i |
Дисциплина |
Введение в отечественную историю |
| 952 |
Тип литературы |
__ |
| i |
Дисциплина |
Религия и культура славянских народов |
| 952 |
Тип литературы |
__ |
| i |
Дисциплина |
История: история России |
| 952 |
Тип литературы |
__ |
| i |
Дисциплина |
История (История становления Российской государственности) |
| 952 |
Тип литературы |
__ |
| i |
Дисциплина |
Славянский фольклор |
| 952 |
Тип литературы |
__ |
| i |
Дисциплина |
Современный фольклор |
| 952 |
Тип литературы |
__ |
| i |
Дисциплина |
История и культура славян |
| 952 |
Тип литературы |
__ |
| i |
Дисциплина |
Фольклор и этнография славянских народов |